Aventuras de Delphine y Marinette / (Registro nro. 12554)

Detalles MARC
000 -LIDER
fixed length control field 01019nam a22003251 4500
001 - NÚMERO DE CONTROL
Identificador de número de control bimo0000635269
003 - IDENTIFICACDOR DE NÚMERO DE CONTROL
control field DO-SdBNP
005 - DATE AND TIME OF LATEST TRANSACTION
control field 20180125094146.0
008 - ELEMENTOS DE LONGITUD FIJA
fixed length control field 900725s1962 sp spa
016 7# - NO. DE CONTROL DE LA AGENCIA BIB. NACIONAL
Record control number
Canceled/invalid record control number
Source BPMSU
017 ## - NÚMERO DE REGISTRO DE DERECHOS DE AUTOR
Copyright or legal deposit number
Assigning agency
035 ## - NÚMERO LOCAL
System control number (OCoLC)
040 ## - FUENTE DE CATALOGACIÓN
Agencia que crea de manera original el registro BPMSU
Idioma de catalogación spa
Agencia que realiza la transcripción BPMSU
080 #0 - NÚMERO DE CLASIFICACIÓN DECIMAL UNIVERSAL
Universal Decimal Classification number
100 1# - ASIENTO PRINCIPAL -- NOMBRE PERSONAL
Nombre personal Aymé, Marcel
Fechas asociadas con el nombre 1902-1967
245 10 - MENCIÓN DE TITULO
Título Aventuras de Delphine y Marinette /
Medio (Designación general de material)
Mención de responsabilidad Marcel Aymé. Traducción de E. Tusquets ; Ilustraciones de Cesca Jaume
246 13 - VARIACION DEL TÍTULO
Título propiamente dicho o título corto El elefante
260 ## - PUBLICACIÓN, DISTRIBUCIÓN, ETC. (PIE DE IMPRENTA)
Lugar de publicación, distribución, etc Barcelona :
Nombre del editor, distribuidor, etc. Lumen,
Fecha de publicación, distribución, etc 1962
Impresor Grafos
300 ## - DESCRIPCIÓN FÍSICA
Extensión 96 p. ;
Dimensiones 19 cm
490 0# - MENCIÓN DE SERIES
Mención de serie Grandes Autores para Niños
Volume/sequential designation vol. 16
500 ## - NOTA GENERAL
Nota general
505 0# - NOTA DE CONTENIDO
Texto normalizado de contenido El elefante -- El asno y el caballo -- El pavo real
700 1# - ASIENTO SECUNDARIO -- NOMBRE PERSONAL
Nombre personal Tusquets, Esther
Fechas asociadas con el nombre 1936-2012
700 1# - ASIENTO SECUNDARIO -- NOMBRE PERSONAL
Nombre personal Jaume, Cesca
740 01 - ASIENTO SECUNDARIO DE TÍTULOS RELACIONADOS O ANALÍTICOS NO CONTROLADOS
Título analítico o relacionado no controlado Delphine y Marinette, Aventuras de.
830 ## - ASIENTO SECUNDARIO DE SERIE--TÍTULO UNIFORME
Título uniforme Grandes Autores para Niños
Volume number/sequential designation 16
942 ## - ADDED ENTRY ELEMENTS (KOHA)
Source of classification or shelving scheme Dewey Decimal Classification
Koha item type Libros
945 ## - INFORMACIÓN DE PROCESAMIENTO LOCAL
Información de procesamiento local inventariado, 2018 / dg
956 ## - LOCAL ELECTRONIC LOCATION AND ACCESS (OCLC)
Nombre de host VMATEO
Número de acceso 10
Información de compresión 20170221
Trayectoria BPMSU
Nombre Electrónico 00069
Existencias
Withdrawn status Lost status Source of classification or shelving scheme Damaged status Not for loan Collection code Home library Current library Date acquired Source of acquisition Total Checkouts Barcode Date last seen Price effective from Koha item type
    Dewey Decimal Classification     Colección Juvenil General Biblioteca Pública Metropolitana Salomé Ureña Biblioteca Pública Metropolitana Salomé Ureña 02/21/2017 Sellar   BPMET17020045 02/21/2017 02/21/2017 Libros